| 000 | 01760nam0a2200373 4500 | ||
|---|---|---|---|
| 001 | RU\NLR\bibl\1435569 | ||
| 005 | 20260408204956.0 | ||
| 010 |
_a978-5-486-03049-9 _912000 |
||
| 021 |
_aRU _b2009-72989 _94536 |
||
| 035 | _a(NLR Aleph) 001427450 | ||
| 090 |
_a1381254 _c1381254 |
||
| 100 | _a20091110d2009 |||y0rusy50 ca | ||
| 101 | 1 |
_arus _cger |
|
| 102 | _aRU | ||
| 105 | _ay ||||||||| | ||
| 135 | _acrmn mmmancda | ||
| 200 | 1 |
_aСамозванец _e[роман _eоб австрийском императоре Иосифе II _eперевод с немецкого] _fТ. Мундт |
|
| 210 |
_aМосква _cМир книги _cЛитература _d2009 |
||
| 215 |
_a222, [1] с. _d21 |
||
| 225 | 1 | _aИстория в романах | |
| 325 | _aКопия доступна в Электрон. б-ке РНБ | ||
| 600 | 0 |
_aИосиф _dII _cэрцгерцог австрийский, император Священной Римской империи _f1741 - 1790 _xв художественной литературе _3RU\NLR\AUTH\661590291 _92132175 |
|
| 686 | _aШ6(4Г)57-442{Лх1356.1-51} | ||
| 700 | 1 |
_aМундт _bТ. _f1808-1861 _gТеодор _4070 |
|
| 702 | 0 |
_4570 _8rus _7ca _aИосиф II _cэрцгерцог австрийский, император Священной Римской империи _f1741-1790 _3RU\NLR\auth\7717353 _9440 |
|
| 801 | 0 |
_aRU _bNLR _c20091110 _gRCR |
|
| 801 | 1 |
_aRU _bNLR _c20091110 |
|
| 942 | _cBOOK | ||
| 980 | _aNB | ||
| 981 | 3 | 3 |
_a(33) Художественная литература _b(33) Зарубежная литература |